Statistics for Oxford Dictionaries Top 1000 English Words - 33 Start with H

Click here to take the quiz!

General Stats

  • This quiz has been taken 4,171 times
  • The average score is 18 of 33

Answer Stats

H% Correct
He
100%
Her
93%
His
88%
Have
87%
Him
86%
Hear
82%
Hand
76%
Home
75%
How
73%
Hope
68%
House
67%
Head
64%
Hit
63%
Heart
60%
Hold
56%
Hard
55%
Here
55%
Help
54%
High
54%
Happy
48%
Host
45%
Happen
44%
Half
43%
History
40%
Hour
40%
However
35%
Huge
34%
Health
30%
Himself
30%
Hundred
27%
Human
21%
Hospital
20%
Highly
12%

Score Distribution

Percentile by Number Answered

Percent of People with Each Score

Your Score History

You have not taken this quiz